000 02434nam a2200541Ia 4500
001 797
008 241029s9999 xx 000 0 und d
010 _a720
041 _aEspañol
082 _aNO APLICA
245 0 _aPromoción Automática En 1ro y 2do Grado Y Sus Repercusiones En Los Grados Superiores De Educación Básica En Tres Escuelas Del Distrito Educativo 02-05 De San Juan De La Maguana. 2012-2013.
260 _aSan Juan
300 _a127
520 _a6
630 _aActitud de los Estudiantes
630 _aActitudes
630 _aEstudiantes
650 _aRendimiento
690 _aCopiado sin cambios
700 _easesor
_a Vargas de Mañón, María Regla
700 _eautor
_aMejía Contreras, Wascar Ricardo
901 _a{"1":"Mejía Contreras"}
_b{"1":"Wascar Ricardo"}
902 _a1
903 _a{"1":" Vargas de Mañón"}
_b{"1":"María Regla"}
904 _aMagíster en
905 _aGestión de Centros Educativos
906 _a2
907 _aNO APLICA
908 _aNO APLICA
909 _aUniversidad Adventista Dominicana (UNAD)
910 _aNULL
_bNULL
911 _a["1"]
912 _aNO APLICA
913 _aNULL
914 _a01 de Septiembre de 2013
915 _a17/06/14 03:06
916 _aNULL
917 _aNULL
918 _aNO APLICA
919 _a["5","6","96"]
520 _aEl objetivo de este estudio es identificar los problemas causados por la promoción automática en los niños de 1ro y 2do grado de la Educación Básica.Las preguntas de investigación son: ¿Cuálesson los problemas causados por la promoción automática de 1ro y 2do de Básica? ¿Cuáles son las causas y consecuencias de promover estos niños de forma automática? ¿Cuáles son las posibles manifestaciones de indisciplina entre estudiantes que no dominan la lecto escritura en grados superiores? ¿Cuáles son los problemas en el proceso de alfabetización de los niños de 1ro y 2do grados Básica? y ¿Cuáles son los efectos de la repetición de grado?La muestra fue de 150 hogares y 78 docentes.Se concluyó que: hay concordancia entre los actores del sistema, en cuando a eliminar la promoción automática.  Se esta promoviendo por deber no por derecho a estudiantes sin los aprendizajes necesarios para los grados siguientes.
921 _a28
922 _a28
923 _a0
924 _aNO APLICA
942 _cTesis
999 _c720
_d720